El río Cesar : (Registro nro. 6232)

Detalles MARC
000 -LEADER
fixed length control field 00967nam a2200217Ia 4500
003 - CONTROL NUMBER IDENTIFIER
control field OSt
005 - DATE AND TIME OF LATEST TRANSACTION
control field 20200922181758.0
008 - FIXED-LENGTH DATA ELEMENTS--GENERAL INFORMATION
fixed length control field 191128s1986 ck gr 000 0 spa d
040 ## - CATALOGING SOURCE
Original cataloging agency CO-JMCR
Transcribing agency CO-JMCR
041 0# - LANGUAGE CODE
Language code of text/sound track or separate title spa
082 04 - DEWEY DECIMAL CLASSIFICATION NUMBER
Classification number 918.611 /
Item number S773r
Edition number 23
100 1# - MAIN ENTRY--PERSONAL NAME
Personal name Striffler, Luis,
Relator term autor
9 (RLIN) 10693
245 13 - TITLE STATEMENT
Title El río Cesar :
Remainder of title relación de un viaje a la Sierra Nevada de Santa Marta en 1876 /
Statement of responsibility, etc. Luis Striffler
260 ## - PUBLICATION, DISTRIBUTION, ETC.
Place of publication, distribution, etc. Bogotá :
Name of publisher, distributor, etc. Senado de la República,
Date of publication, distribution, etc. 1986
300 ## - PHYSICAL DESCRIPTION
Extent 366 páginas ;
Dimensions 24 cm.
490 0# - SERIES STATEMENT
Series statement Obras selectas
505 0# - FORMATTED CONTENTS NOTE
Formatted contents note Advertencia en cuanto a etimología -- Lo que es el río Cesar -- Lo que es el Valle de Upar -- Las minas del Estado de Magdalena -- Los tesoros de la Nevada de Santa Marta -- Cómo se penetra en el Valle -- Extracción del bálsamo de Tolú
651 #4 - SUBJECT ADDED ENTRY--GEOGRAPHIC NAME
Geographic name Cesar (Río, Colombia)
Geographic subdivision Descripción
9 (RLIN) 10694
651 #4 - SUBJECT ADDED ENTRY--GEOGRAPHIC NAME
Geographic name Sierra Nevada de Santa Marta (Colombia)
General subdivision descripciones y viajes
9 (RLIN) 10695
942 ## - ADDED ENTRY ELEMENTS (KOHA)
Koha item type Books
Source of classification or shelving scheme Dewey Decimal Classification
Existencias
Withdrawn status Lost status Source of classification or shelving scheme Damaged status Not for loan Collection code Home library Current library Date acquired Source of acquisition Total Checkouts Full call number Barcode Date last seen Date last checked out Copy number Koha item type
    Dewey Decimal Classification     Non-fiction Biblioteca Pública José María del Castillo y Rada Biblioteca Pública José María del Castillo y Rada 04/15/2018 Donación 2 918.611 / S773r 201811176 07/14/2025 07/11/2025 Ej.1 Books